Використання судово-медичних і криміналістичних даних при розслідуванні злочинів проти людини: навч. посіб. (Запис № 339906)

МАРК-запис
000 -Лідер
fixed length control field 00971nam a22002657a 4500
001 - Контрольний номер
control field 53816
003 - Ідентифікатор контрольного номера
control field UA-OsUOA
005 - Дата та час останнього входження (трансакції)
control field 20191217163437.0
007 - Фіксоване поле фізичного опису
fixed length control field ta
008 - Елементи даних фіксованої довжини – загальна інформація
fixed length control field 20080506b un ||||| |||| 00| 0 ukr d
020 ## - Міжнародний стандартний книжковий номер (ISBN)
Міжнародний стандартний книжковий номер (ISBN) (НП) 966-326-006-8
040 ## - Джерело каталогізації
Агенція оригінальної каталогізації UA-OsUOA
Мова каталогізації ukr
Агенція, яка здійснювала перезапис UA-OsUOA
Агенція, яка здійснювала модифікацію UA-OsUOA
041 ## - Код мови
Код мови тексту/ звукової доріжки чи окремого заголовка (П) ukr
080 ## - Індекс Універсальної десяткової класифікації
Індекс Універсальної десяткової класифікації (УДК) (НП) 340.66:343
090 ## - Локальний шифр розміщення
Класифікаційний індекс УДК 340.66:343
Авторський знак (НП) Д50
100 ## - Основне введення – ім’я особи
Ім’я особи (НП) Дідківська С. П.
245 ## - Відомості про назву
Назва (НП) Використання судово-медичних і криміналістичних даних при розслідуванні злочинів проти людини: навч. посіб.
260 ## - Публікація, розповсюдження і т.п. (Вихідні дані)
Місце публікації, розповсюдження і т.п. (П) К.
Ім’я/ наймення видавництва, розповсюджувача і т.п. (П) Атіка
Дата публікації, розповсюдження і т.п. (П) 2004
300 ## - Фізичний опис
Обсяг 136 с.
650 #7 - Додаткове предметне введення – тематичний термін
Тематичний термін чи географічна назва, як елемент введення (НП) 340 Право в цілому. Пропедевтика. Методи та допоміжні правничі науки
Джерело заголовка чи терміна UDC
700 ## - Додаткове введення – ім'я особи
Ім’я особи (НП) Сагайдак П. Г.
942 ## - Додаткові елементи входу (Коха)
Тип елемента Koha Книги
Source of classification or shelving scheme Universal Decimal Classification
955 ## - Код типу видання за змістом
Код типу видання за змістом (НП) Навчальні видання
Фонди
Стан вилучень Стан втрат Джерело класифікації або схеми стелажів Стан уражень Не для кредиту Постійне місце розташування Поточне розміщення Дата придбання Інвентарний номер Усього замовленно Повний номер виклику Штрих-код Дата останнього перегляду Ціна ефективна від Тип елемента Koha Джерело придбання Вартість, звичайна ціна покупки
    Universal Decimal Classification     ЧЗ - Читальна зала ЧЗ - Читальна зала 26/04/2005 84821   340.6 Д44 84821 06/02/2022 26/04/2005 Книги    
    Universal Decimal Classification     ЧЗ - Читальна зала ЧЗ - Читальна зала 06/05/2008 113131   340.66:343 Д50 113131 06/02/2022 06/05/2008 Книги 57/2008 28.50
    Universal Decimal Classification     ЧЗ - Читальна зала ЧЗ - Читальна зала 06/05/2008 113132   340.66:343 Д50 113132 06/02/2022 06/05/2008 Книги 57/2008 28.50